Falscher-kunste (Record no. 7347)

MARC details
000 -CABECERA
campo de control de longitud fija 00807nam a2200253 a 4500
001 - NÚMERO DE CONTROL
campo de control BRCA_7673
005 - FECHA Y HORA DE LA ÚLTIMA TRANSACCIÓN
campo de control 20190320205935.0
008 - DATOS DE LONGITUD FIJA--INFORMACIÓN GENERAL
campo de control de longitud fija 150813s1909----gw-a######---#000-0#ger-#
041 ## - CÓDIGO DE LENGUA
Código de lengua del texto/banda sonora o título independiente ger
044 ## - CÓDIGO DEL PAÍS DE LA ENTIDAD EDITORA/PRODUCTORA
Código MARC del país gw
050 #4 - SIGNATURA TOPOGRÁFICA DE LA BIBLIOTECA DEL CONGRESO
Número de clasificación N8790
Número de documento/Ítem .E93 1909
100 1# - ENTRADA PRINCIPAL--NOMBRE DE PERSONA
Nombre de persona Eudel, Paul
9 (RLIN) 11394
245 10 - MENCIÓN DE TÍTULO
Título Falscher-kunste
Resto del título nach der autorisierter
Mención de responsabilidad, etc. Paul Eudel ; bearbeitung von Bruno Bucher ; neuherausgegeben und Erganzt von Arthur Roessler.
260 ## - PUBLICACIÓN, DISTRIBUCIÓN, ETC.
Lugar de publicación, distribución, etc. Leipzig
Nombre del editor, distribuidor, etc. F. W. Grunow
Fecha de publicación, distribución, etc. 1909
300 ## - DESCRIPCIÓN FÍSICA
Extensión 215 p.
Otras características físicas il., 1 lámina
Dimensiones 22 cm.
500 ## - NOTA GENERAL
Nota general U10
504 ## - NOTA DE BIBLIOGRAFÍA, ETC.
Nota de bibliografía, etc. Bibliografía p.209
650 14 - PUNTO DE ACCESO ADICIONAL DE MATERIA--TÉRMINO DE MATERIA
Término de materia o nombre geográfico como elemento de entrada Falsificación de obras de arte
9 (RLIN) 7762
650 14 - PUNTO DE ACCESO ADICIONAL DE MATERIA--TÉRMINO DE MATERIA
Término de materia o nombre geográfico como elemento de entrada Falsificación de antigüedades
9 (RLIN) 18292
700 1# - PUNTO DE ACCESO ADICIONAL--NOMBRE DE PERSONA
Nombre de persona Bucher, Bruno
Fechas asociadas al nombre 1826-1899
Término indicativo de función/relación ed.
9 (RLIN) 18941
700 1# - PUNTO DE ACCESO ADICIONAL--NOMBRE DE PERSONA
Nombre de persona Roessler, Arthur
9 (RLIN) 18942
902 ## - CATALOGADOR
Iniciales GFM
942 ## - ELEMENTOS DE PUNTO DE ACCESO ADICIONAL (KOHA)
Fuente del sistema de clasificación o colocación Library of Congress Classification
Tipo de ítem Koha Libros
Holdings
Estado de retiro Estado de pérdida Estado dañado No para préstamo Localización permanente Ubicación/localización actual Fecha de adquisición Número de inventario Total de préstamos Signatura topográfica completa Código de barras Fecha visto por última vez Precio válido a partir de Tipo de ítem Koha
El ejemplar forma parte de la colección y puede ser consultado según las políticas vigentes.       Biblioteca del Museo Franz Mayer (Rogerio Casas-Alatriste) Biblioteca del Museo Franz Mayer (Rogerio Casas-Alatriste) 09/08/2013 U10   N8790 .E93 1909 (U10) 8281 22/03/2019 22/03/2019 Libros